[Event "Challenge"]
[Site "http://www.queenalice.com/game.php?id=643099"]
[Date "2009.8.27"]
[Round "-"]
[White "umgeher"]
[Black "Favaro"]
[Result "1-0"]
[WhiteElo "1503"]
[BlackElo "1035"]

1. e4 Nf6 2. Nc3 d6 3. d4 Bg4 4. Be2 Be6 5. d5 Bd7 6. a4 Na6 7. h3 g5 8. Bxg5
Ng8 9. Bxa6 bxa6 10. Qd4 Rb8 11. O-O-O a5 12. Qxh8 Bg7 13. Qxg8+ Bf8 14. Bh6 c5
15. Qxf8# 1-0

[Event "AUTO-OPEN-1692"]
[Site "http://www.queenalice.com/game.php?id=652710"]
[Date "2009.9.15"]
[Round "1"]
[White "joaoreis001"]
[Black "Favaro"]
[Result "1-0"]
[WhiteElo "1717"]
[BlackElo "1063"]

1. e3 e5 2. Bc4 d6 3. b3 Nf6 4. Nf3 Nh5 5. Bb2 Bf5 6. Nc3 Nc6 7. e4 Nf4 8. Rg1
Bg4 9. h3 Bh5 10. g4 Bg6 11. Bd5 Qe7 12. h4 Nh3 13. Rg2 a5 14. Ne2 Nb4 15. Bxb7
Rb8 16. Bd5 Ra8 17. Bxa8 Qd8 18. Bd5 c6 19. Bc4 Bxe4 20. d3 Bg6 21. h5 d5 22. a3
Na6 23. Bxa6 Qb6 24. hxg6 hxg6 25. Bc8 Qc7 26. Ba6 Bc5 27. Bxe5 Bd6 28. d4 g5
29. Bxd6 Qxd6 30. Ne5 Qe6 31. Rh2 Nxf2 32. Rxh8+ Ke7 33. Kxf2 Kd6 34. Rd8+ Ke7
35. Rd7+ Qxd7 36. Nxd7 Kxd7 37. Qe1 Kd6 38. Kf3 f6 39. Qg3+ Ke7 40. Qc7+ Ke8 41.
Rh1 Kf8 42. Rh8# 1-0

[Event "AUTO-OPEN-1692"]
[Site "http://www.queenalice.com/game.php?id=652711"]
[Date "2009.9.15"]
[Round "1"]
[White "Favaro"]
[Black "joaoreis001"]
[Result "0-1"]
[WhiteElo "1038"]
[BlackElo "1759"]

1. d4 d5 2. Nc3 e6 3. Nf3 c5 4. Bg5 f6 5. Bh4 g5 6. Bg3 Nc6 7. dxc5 Bxc5 8. b3
Bb4 9. Qd2 Qa5 10. Na4 Bxd2+ 11. Kd1 Bc3 12. Rc1 Nge7 13. Bd6 b5 14. Nc5 Qxa2
15. e4 dxe4 16. Nxe6 Nd5 17. g4 Bxe6 18. Rg1 exf3 19. Rg3 Nd4 20. h3 Bb2 21. Kd2
Bxc1+ 22. Kxc1 Qxc2# 0-1

[Event "AUTO-OPEN-1692"]
[Site "http://www.queenalice.com/game.php?id=652732"]
[Date "2009.9.15"]
[Round "1"]
[White "H_express"]
[Black "Favaro"]
[Result "1-0"]
[WhiteElo "1903"]
[BlackElo "1042"]

1. Nf3 d6 2. d4 Nc6 3. Nc3 g5 4. Bxg5 f6 5. Be3 a5 6. Qd2 d5 7. O-O-O h5 8. Bf4
Ra6 9. e3 Rb6 10. a3 Rh7 11. Bd3 a4 12. Nxa4 Ra6 13. Bxa6 bxa6 14. Qc3 Nb8 15.
Bxc7 Qd7 16. b3 Nc6 17. Bb6 Nh6 18. Nc5 Qe6 19. Nxe6 Bxe6 20. Qxc6+ Kf7 21. Rde1
Rg7 22. e4 dxe4 23. Rxe4 Nf5 24. Qxe6+ Kg6 25. g4 Nh4 26. Nxh4+ Kh6 27. Nf5+ Kh7
28. Nxg7 Kxg7 29. gxh5 Kh7 30. Rg4 Kh6 31. Qg8 Kxh5 32. Qg6# 1-0

[Event "AUTO-OPEN-1692"]
[Site "http://www.queenalice.com/game.php?id=652733"]
[Date "2009.9.15"]
[Round "1"]
[White "Favaro"]
[Black "H_express"]
[Result "0-1"]
[WhiteElo "1033"]
[BlackElo "1758"]

1. d4 d5 2. Nc3 Nf6 3. f4 Nc6 4. e3 e6 5. Nh3 Bb4 6. Qd2 Bxc3 7. Qxc3 Ne4 8. Qd3
h6 9. g3 Bd7 10. b3 Nb4 11. Qc3 Nxc3 12. Bd2 Nxc2+ 13. Kf2 Ne4+ 14. Kf3 Nxd2+
15. Kg4 h5# 0-1

[Event "AUTO-OPEN-1692"]
[Site "http://www.queenalice.com/game.php?id=652746"]
[Date "2009.9.15"]
[Round "1"]
[White "Favaro"]
[Black "RSRocha"]
[Result "0-1"]
[WhiteElo "1026"]
[BlackElo "1682"]

1. d4 d6 2. Bf4 g6 3. Nh3 Bxh3 4. gxh3 Bg7 5. Nc3 Nf6 6. Rg1 O-O 7. Rg4 Nxg4 8.
hxg4 c5 9. e3 Nc6 10. g5 cxd4 11. exd4 Nxd4 12. a4 Qb6 13. Nd5 Qxb2 14. Rb1 Qc3+
15. Qd2 Nf3+ 16. Ke2 Nxd2 17. Rd1 Qc4+ 18. Kxd2 Qxd5+ 19. Ke1 Bc3+ 20. Rd2 Qe4+
21. Kd1 Qxf4 22. Bc4 Qxd2# 0-1

[Event "AUTO-OPEN-1692"]
[Site "http://www.queenalice.com/game.php?id=652747"]
[Date "2009.9.15"]
[Round "1"]
[White "RSRocha"]
[Black "Favaro"]
[Result "1-0"]
[WhiteElo "1612"]
[BlackElo "1035"]

1. e4 Nf6 2. Nc3 d6 3. Nf3 c6 4. h3 Na6 5. Bxa6 bxa6 6. O-O d5 7. d3 Rb8 8. b3
Bb7 9. Bg5 Ng8 10. exd5 cxd5 11. Na4 Bc6 12. Nc5 Rb5 13. Nd4 Rxc5 14. Nxc6 Rxc6
15. c4 d4 16. Qf3 Rg6 17. Bd2 Rf6 18. Qb7 Rc6 19. Qxc6+ Qd7 20. Qa8+ Qd8 21.
Qxa7 Nf6 22. Qxa6 Nd7 23. Ba5 Qb8 24. Rac1 Nc5 25. Qc6+ Nd7 26. Bc7 Qxc7 27.
Qxc7 f5 28. Qc8+ Kf7 29. Qxd7 h5 30. Rfe1 1-0

[Event "Challenge"]
[Site "http://www.queenalice.com/game.php?id=654112"]
[Date "2009.9.18"]
[Round "-"]
[White "Favaro"]
[Black "fabiobatalha"]
[Result "0-1"]
[WhiteElo "1036"]
[BlackElo "1277"]

1. e3 e5 2. Nf3 d6 3. Bc4 c5 4. h4 Bg4 5. Na3 h6 6. Nb5 a6 7. Na3 b5 8. Bb3 c4
9. Bxc4 bxc4 10. Nxc4 Bxf3 11. gxf3 g5 12. b3 gxh4 13. Rxh4 Qxh4 14. Nb6 Qh1+
15. Ke2 Qxd1+ 16. Kxd1 Ra7 17. Ba3 h5 18. Nc8 h4 19. Ke2 Rc7 20. Nb6 Rxc2 21.
Kd1 Rc6 22. Nd5 h3 23. Ke2 h2 24. Rh1 Rc2 25. Rxh2 Rxh2 26. Nf6+ Nxf6 27. Kd3
Rxa2 28. f4 exf4 29. exf4 Rxf2 30. Bb4 Raxd2+ 31. Bxd2 Nc6 32. Bc3 Nd5 33. Bf6
Ncb4+ 34. Kd4 Rxf4# 0-1

[Event "Challenge"]
[Site "http://www.queenalice.com/game.php?id=658604"]
[Date "2009.9.26"]
[Round "-"]
[White "umgeher"]
[Black "Favaro"]
[Result "1-0"]
[WhiteElo "1576"]
[BlackElo "1037"]

1. e4 Nf6 2. Bd3 c5 3. e5 Nd5 4. Qf3 b5 5. Qxd5 e6 6. Qxa8 Nc6 7. Bxb5 Nd4 8.
Bd3 Nxc2+ 9. Bxc2 h5 10. Nf3 Rh6 11. d4 c4 12. Ng5 Rf6 13. exf6 gxf6 14. Ne4 f5
15. Bg5 Be7 16. Nd6+ Kf8 17. Bxe7+ Qxe7 18. Qxc8+ Kg7 19. Nb5 f4 20. Nd2 a6 21.
Qxa6 Qf6 22. Ne4 Qf5 23. h3 d5 24. g4 Qg6 25. Rg1 hxg4 26. Rxg4 dxe4 27. Bxe4 f5
28. Qb7+ Kh6 29. Rh4+ Qh5 30. Rxh5+ Kxh5 31. Qh7+ Kg5 32. h4+ Kg4 33. Bg2 f3 34.
Qg7+ Kf4 35. Qg3+ Ke4 36. Qe5+ Kd3 37. Bxf3 Kc2 38. Qe2# 1-0

[Event "Challenge"]
[Site "http://www.queenalice.com/game.php?id=658605"]
[Date "2009.9.26"]
[Round "-"]
[White "Favaro"]
[Black "umgeher"]
[Result "0-1"]
[WhiteElo "1044"]
[BlackElo "1532"]

1. e3 c5 2. g3 e5 3. Nf3 d6 4. d4 cxd4 5. exd4 Bg4 6. Be2 e4 7. Ng5 Bxe2 8. Qxe2
Nf6 9. f3 d5 10. c4 Bb4+ 11. Kf1 Nc6 12. Qc2 Nxd4 13. Qd1 dxc4 14. Nd2 Bxd2 15.
Qxd2 exf3 16. Qc3 Ne2 17. Kf2 Nxc3 18. bxc3 O-O 19. Kxf3 Qd5+ 20. Ke2 Rfe8+ 21.
Kf1 Qxh1+ 22. Kf2 Re1 23. Bd2 Qf1# 0-1

[Event "Challenge"]
[Site "http://www.queenalice.com/game.php?id=688376"]
[Date "2009.11.25"]
[Round "-"]
[White "Favaro"]
[Black "umgeher"]
[Result "0-1"]
[WhiteElo "1039"]
[BlackElo "1574"]

1. d4 d5 2. Nc3 c6 3. g4 g5 4. Qd2 Qb6 5. Na4 Qb5 6. b3 e5 7. Nf3 Bxg4 8. Bg2
Nf6 9. Nc5 Bxc5 10. dxc5 Ne4 11. Qe3 Nd7 12. Nxg5 Nxg5 13. h4 d4 14. Qxg5 Qxe2#
0-1

[Event "Challenge"]
[Site "http://www.queenalice.com/game.php?id=694765"]
[Date "2009.12.8"]
[Round "-"]
[White "Favaro"]
[Black "extermination"]
[Result "1-0"]
[WhiteElo "1033"]
[BlackElo "1904"]

1. f4 e6 2. d4 d5 3. Nc3 Bb4 4. Qd2 Nf6 5. a3 Ba5 6. Nh3 Ne4 7. Qd3 Bd7 8. b4
Bb6 9. Ng5 Nxc3 10. Qxc3 h6 11. Nh3 Nc6 12. Rb1 Ne7 13. g4 Nc6 14. Be3 O-O 15.
a4 1-0

[Event "Challenge"]
[Site "http://www.queenalice.com/game.php?id=729173"]
[Date "2010.2.10"]
[Round "-"]
[White "Favaro"]
[Black "umgeher"]
[Result "0-1"]
[WhiteElo "1057"]
[BlackElo "1547"]

1. e4 c5 2. Na3 Nc6 3. Nf3 f5 4. e5 d5 5. Nb5 c4 6. Nc3 g6 7. Nxd5 Qxd5 8. Nh4
Qxe5+ 9. Be2 Nf6 10. a4 Qd4 11. Rf1 Ne4 12. f3 Ng5 13. f4 Ne4 14. g3 e5 15. fxe5
Nxe5 16. Ra3 Bxa3 17. bxa3 g5 18. Nxf5 Bxf5 19. Bh5+ Bg6 20. Bf3 O-O-O 21. Rf2
Nxf2 22. Qe2 Nxf3+ 23. Kf1 Nxh2+ 0-1

[Event "Challenge"]
[Site "http://www.queenalice.com/game.php?id=742094"]
[Date "2010.3.6"]
[Round "-"]
[White "blackwolf"]
[Black "Favaro"]
[Result "1-0"]
[WhiteElo "1870"]
[BlackElo "1061"]

1. d4 Nc6 2. e4 e6 3. Nf3 Nf6 4. Nc3 b6 5. Bb5 Na5 6. Bg5 Qe7 7. e5 a6 8. Bd3 h6
9. exf6 gxf6 10. Be3 e5 11. dxe5 fxe5 12. Be4 Ra7 13. O-O Nc4 14. Qc1 a5 15. Nb5
Ra6 16. Nxc7+ Kd8 17. Nxa6 Bxa6 18. Re1 Nd6 19. Bxb6+ 1-0

[Event "Challenge"]
[Site "http://www.queenalice.com/game.php?id=742096"]
[Date "2010.3.6"]
[Round "-"]
[White "Favaro"]
[Black "blackwolf"]
[Result "0-1"]
[WhiteElo "1059"]
[BlackElo "1872"]

1. c4 e5 2. Nf3 e4 3. Ne5 d6 4. Nxf7 Kxf7 5. Qc2 Nf6 6. g3 Nc6 7. a3 Nd4 8. Qc3
c5 9. e3 Nf3+ 10. Ke2 Be6 11. Bg2 Ne5 12. f3 Bxc4+ 13. Kf2 Nd3+ 14. Ke2 Nxc1+
15. Kd1 Bd3 16. Kxc1 Rc8 17. fxe4 Bxe4 18. Bh3 Rc7 0-1

[Event "Challenge"]
[Site "http://www.queenalice.com/game.php?id=745586"]
[Date "2010.3.13"]
[Round "-"]
[White "Favaro"]
[Black "Dutchman"]
[Result "0-1"]
[WhiteElo "1061"]
[BlackElo "1538"]

1. e4 e5 2. Nf3 f6 3. c4 c5 4. Na3 d6 5. Nh4 Be7 6. Be2 f5 7. Nxf5 g6 8. Nh4
Bxh4 9. g3 Be7 10. Nb5 Nh6 11. h4 a6 12. Na3 Nc6 13. Rh3 Bxh3 14. b3 O-O 15. Rb1
Qc8 16. Nc2 Bg2 0-1

[Event "Challenge"]
[Site "http://www.queenalice.com/game.php?id=749249"]
[Date "2010.3.21"]
[Round "-"]
[White "umgeher"]
[Black "Favaro"]
[Result "1-0"]
[WhiteElo "1549"]
[BlackElo "1055"]

1. e4 d5 2. d4 dxe4 3. Bc4 Nf6 4. Bg5 Nh5 5. c3 f6 6. Bh4 Nf4 7. g3 Ng2+ 8. Kf1
Nxh4 9. gxh4 Nc6 10. d5 Ne5 11. Bb5+ Bd7 12. Bxd7+ Qxd7 13. f3 exf3 14. Nxf3 Ng4
15. Qd4 1-0